000 00464nam a2200181Ia 4500
008 090124s9999 xx 000 0 und d
082 _b105035
100 _aकात्रे ग. नी.
245 _a मेघदूत
250 _a1
260 _c1955
300 _a83
600 _aकात्रे ग. नी.
630 _a मेघदूत
700 _aकात्रे ग. नी.
730 _a मेघदूत
942 _cBOOK
999 _c151127
_d151127